Литология, условия формирования и закономерности распространения продуктивных отложений на нефтегазоконденсатных месторождениях Казанского и Пудинского нефтегазоносных районов: Отчет о НИР: N ГР 01990011778; Инв. N 02.200.105293

Detalles Bibliográficos
Autor Corporativo: Томский политехнический университет (595)
Outros autores: Ежова А. В. Александра Викторовна (руководитель), Тен Т. Г. Татьяна Георгиевна (исполнитель)
Summary:Исп. Н. В. Ефремова, Н. М. Недоливко, Е. Д. Полумогина и др.
Передано в Государственный архив Томской области
Idioma:ruso
Publicado: Томск, 2000
Formato: Libro
KOHA link:https://koha.lib.tpu.ru/cgi-bin/koha/opac-detail.pl?biblionumber=38668

MARC

LEADER 00000nbm0a2200000 4500
001 38668
005 20250718171258.0
029 0 0 |a RU  |b ГР 01990011778  |c Отчет о НИР 
029 0 0 |a RU  |b Инв. № 02.200.105293  |c Отчет о НИР  |f ТПУ 
035 |a (RuTPU)RU\TPU\book\39469 
090 |a 38668 
100 |a 20020314d2001 k y0rusy50 ca 
101 0 |a rus 
102 |a RU 
105 |a y p 001zy 
200 1 |a Литология, условия формирования и закономерности распространения продуктивных отложений на нефтегазоконденсатных месторождениях Казанского и Пудинского нефтегазоносных районов  |e Отчет о НИР: N ГР 01990011778; Инв. N 02.200.105293  |f Томский политехнический университет; научн. рук. А. В. Ежова; отв. исп. Т. Г. Тен 
210 |a Томск  |d 2000 
215 |a 293 л. 
300 |a Исп. Н. В. Ефремова, Н. М. Недоливко, Е. Д. Полумогина и др. 
320 |a Библиогр.: с. 255-265. 
333 |a Передано в Государственный архив Томской области 
702 1 |a Ежова  |b А. В.  |c геолог  |c доцент Томского политехнического университета, кандидат геолого-минералогических наук  |f 1939-  |g Александра Викторовна  |3 (RuTPU)RU\TPU\pers\26246  |4 673 
702 1 |a Тен  |b Т. Г.  |c геолог  |c доцент Томского политехнического университета, кандидат геолого-минералогических наук  |f 1965-  |g Татьяна Георгиевна  |3 (RuTPU)RU\TPU\pers\26312  |4 677 
712 0 2 |a Томский политехнический университет  |3 (RuTPU)RU\TPU\col\376  |4 595 
801 1 |a RU  |b 63413507  |c 20020314  |g PSBO 
801 2 |a RU  |b 63413507  |c 20171113  |g PSBO 
850 |a 63413507 
942 |c BK